000 00356nam a2200133 i 4500
001 bg
100 1 _aKRISILOW, Ju. D.
245 0 _aAutomaticeskaja regulirowka i stabilizacija usilenija tranzistornych schem /
_cJu.D. Krisilow.
260 _aMoskwa,
_c1972.
040 _cBPK
041 _apol
942 _cKS
008 s pl f |000 0 pol
999 _c14668
_d14668
856 _uhttp://koha.tu.koszalin.pl/cgi-bin/koha/opac-detail.pl?biblionumber=14668
_yKatalog online BPK